00456nam a2200193Ia 4500003000400000005001700004008004100021020001500062040000700077041000800084082001700092100002000109245003000129260003900159300001500198365001400213650000800227650002700235OSt20230328150321.0210423s2006 xx 000 0 und d a1412908477 cAL aeng a343.099 SMAU aSMARTT (Ursula) aMedia law for journalists aNew DelhibSage Publicationsc2006 axi,326bPB b1803cINR aLaw aMilitary Tax Trade Law